Lebah dan madunya
| Main Author: | |
|---|---|
| Format: | Book |
| Published: |
Seri Kembangan :
Pustaka Dasar Jaya Sdn. Bhd. ,
2020
|
| Series: | Siri info haiwan
|
| Subjects: |
MARC
| LEADER | 00000cam a2200000 7i4500 | ||
|---|---|---|---|
| 001 | 0000278293 | ||
| 005 | 20210121093754.0 | ||
| 020 | |a 9789670834887 | ||
| 090 | 0 | 0 | |a JF |b MAR |
| 100 | 0 | |a Mariah Ahmad | |
| 245 | 1 | 0 | |a Lebah dan madunya |c Mariah Ahmad |
| 260 | |a Seri Kembangan : |b Pustaka Dasar Jaya Sdn. Bhd. , |c 2020 | ||
| 300 | |a 62p. : |b ill. ; |c 21cm. | ||
| 490 | 0 | |a Siri info haiwan | |
| 650 | 0 | |a Children's stories, Malay | |
| 999 | |a 00377486 |b BUKU |c PINJAMAN |e PERPUSTAKAAN KOMUNITI CAW KOTA DAMANSARA | ||